| Tag |
First Indicator |
Second Indicator |
Subfields |
| LEADER |
00000cam a2200000 a 4500 |
| 001 |
in00001402450 |
| 005 |
20151020055358.0 |
| 008 |
980212s1994 txu 000 0 eng d |
| 035 |
|
|
|a (OCoLC)38425319
|
| 035 |
|
|
|9 AHN4321AM
|
| 040 |
|
|
|a TXA
|c TXA
|d UtOrBLW
|
| 049 |
|
|
|a TXAM
|
| 090 |
|
|
|a QA76
|b .C656 94-016
|
| 100 |
1 |
|
|a Das Sharma, Debendra.
|
| 245 |
1 |
3 |
|a An efficient coordinated checkpointing scheme for multicomputer applications /
|c Debendra Das Sharma, Gavin D. Holland, Dhiraj K. Pradhan.
|
| 264 |
|
1 |
|a College Station, Tex. :
|b Dept. of Computer Science, Texas A & M University,
|c 1994.
|
| 300 |
|
|
|a 24 leaves :
|b illustrations ;
|c 28 cm.
|
| 336 |
|
|
|a text
|b txt
|2 rdacontent
|
| 337 |
|
|
|a unmediated
|b n
|2 rdamedia
|
| 338 |
|
|
|a volume
|b nc
|2 rdacarrier
|
| 490 |
1 |
|
|a Technical report. Texas A & M University. Computer Science Dept. ;
|v TAMU 94-016
|
| 504 |
|
|
|a Includes bibliographical references.
|
| 650 |
|
0 |
|a Fault-tolerant computing.
|
| 700 |
1 |
|
|a Holland, Gavin D.
|q (Gavin Douglas)
|
| 700 |
1 |
|
|a Pradhan, Dhiraj K.
|
| 830 |
|
0 |
|a Technical report (Texas A & M University. Computer Science Department) ;
|v TAMU 94-016.
|
| 999 |
|
|
|a MARS
|
| 999 |
f |
f |
|s a35ad839-c58f-34a2-a021-a3116142af17
|i d28aaedf-ddfb-34f7-9839-4dc14feaf387
|t 0
|
| 952 |
f |
f |
|p noncirc
|a Texas A&M University
|b College Station
|c Cushing Memorial Library & Archives
|d Cushing: Texas A&M (Does not check out)
|t 0
|e QA76 .C656 94-016
|h Library of Congress classification
|i unmediated -- volume
|
| 998 |
f |
f |
|a QA76 .C656 94-016
|t 0
|l Cushing: Texas A&M (Does not check out)
|